000 00761Nam#a2200241#a#4500
005 20110513191230.0
008 100603s1997||||ag a |||||||||||||spa d
020 _a9500604213
041 _aspa
082 _a616.5
_21a ed.
092 _c616.5
_aCOR
_l13
100 _aCordero, Alejandro A.
245 _aTrastornos de la queratinización :
_bIctiosis. Estados ictiosiformes /
_cAlejandro A. Cordero.
250 _a1a ed.
260 _aBuenos Aires :
_bEditorial Médica Panamericana,
_c1997.
300 _a108 p.
653 _aDermatología
653 _aIctiosis
653 _aQueratinización
930 _a1727
_c1
942 _2ddc
_cBK
999 _c341
_d341
952 _aBFM
_bBFM
_70
_p1727
_cCR
_40
_00
_yBK
_10
_o616.5 13 COR
_d2011-05-13
_tej.1